000 00277nam a22001217a 4500
008 181217b xxu||||| |||| 00| 0 eng d
041 _aeng
080 _a821
100 _a24
101 _aGJU
245 _aAdventure In American Literature
_cLaurente ,m
942 _2udc
_cBK
999 _c53160
_d53160